000 00678nam a2200241Ia 4500
003 OSt
005 20230516115609.0
008 210423s2006 xx 000 0 und d
020 _a978-0-8493-2976-0
040 _cAL
041 _aeng
082 _a581.63 CSEN
100 _aCSEKE (Leland J);KIRAKOSYAN (Ara);KAUFMAN (Peter B);WARBER (Sara L);DUKE (James A);BRIELMANN)
_9105159
245 _aNatural products from plants Ed 2
250 _a2
260 _aNew Delhi
_bRoutledge
_c2006
300 _a611
_bPB
365 _b795
_cINR
650 _aBotany
_9105160
650 _aEconomic Botany
_9105161
906 _aEd ; Natural ; plants ; products
942 _2ddc
_cBK
999 _c166332
_d166332